pokémon ordre alphabétique - Statistiques

Statistiques générales
  • Ce quiz a été pris 110 fois
  • Le résultat moyen est 72 sur 151
Statistiques - réponses
Hint Réponse % Correct
1 bulbizarre
77%
7 carapuce
75%
23 abo
74%
4 salamèche
74%
63 abra
72%
6 dracaufeu
72%
25 pikachu
72%
65 alakazam
68%
151 mew
68%
8 carabaffe
67%
150 mewtwo
67%
5 reptincel
67%
9 tortank
67%
144 artikodin
65%
148 draco
65%
3 florizarre
65%
24 arbok
63%
10 chenipan
63%
2 herbizarre
63%
26 raichu
63%
13 aspicot
61%
133 évoli
61%
18 roucarnage
61%
16 roucool
61%
134 aquali
60%
94 ectoplasma
60%
92 fantominus
60%
17 roucoups
60%
59 arcanin
58%
11 chrysacier
58%
14 coconfort
58%
75 gravalanch
58%
76 grolem
58%
12 papilusion
58%
19 rattata
58%
149 dracolosse
56%
145 électhor
56%
20 rattatac
56%
93 spectrum
56%
146 sulfura
56%
15 dardargnan
54%
37 goupix
54%
74 racaillou
54%
100 voltorbe
54%
49 aéromite
53%
55 akwakwak
53%
58 caninos
53%
101 électrode
53%
125 élektek
53%
64 kadabra
53%
52 miaouss
53%
147 minidraco
53%
129 magicarpe
51%
21 piafabec
51%
135 voltali
51%
139 amonistar
49%
138 amonita
49%
70 boustiflor
49%
38 feunard
49%
130 léviator
49%
95 onix
49%
136 pyroli
49%
22 rapasdepic
49%
88 tadmorv
49%
56 férosinge
47%
78 galopa
47%
89 grotadmorv
47%
106 kicklee
47%
68 mackogneur
47%
35 mélofée
47%
29 | 32 nidoran
47%
77 ponyta
47%
142 ptéra
47%
120 stari
47%
69 chétiflor
46%
57 colossinge
46%
71 empiflor
46%
140 kabuto
46%
141 kabutops
46%
66 machoc
46%
67 machopeur
46%
126 magmar
46%
34 nidoking
46%
31 nidoqueen
46%
30 nidorina
46%
33 nidorino
46%
53 persian
46%
143 ronflex
46%
121 staross
46%
107 tygnon
46%
85 dodrio
44%
84 doduo
44%
40 grodoudou
44%
97 hypnomade
42%
124 lippoutou
42%
131 lokhlass
42%
36 mélodelfe
42%
86 otaria
42%
39 rondoudou
42%
96 soporifik
42%
123 insécateur
40%
48 mimitoss
40%
43 mystherbe
40%
44 ortide
40%
111 rhinocorne
40%
112 rhinoféros
40%
109 smogo
40%
117 hypocéan
39%
87 lamantine
39%
113 leveinard
39%
46 paras
39%
118 poissirène
39%
54 psykokwak
39%
45 rafflesia
39%
110 smogogo
39%
116 hypotrempe
37%
41 nosferapti
37%
47 parasect
37%
119 poissoroy
37%
137 porygon
37%
60 ptitard
37%
128 tauros
37%
83 canarticho
35%
115 kangourex
35%
81 magnéti
35%
102 noeunoeuf
35%
42 nosferalto
35%
79 ramoloss
35%
62 tartard
35%
50 taupiqueur
35%
61 têtarte
35%
51 triopikeur
35%
91 crustabri
33%
82 magnéton
33%
132 métamorph
33%
103 noadkoko
33%
114 saquedeneu
33%
72 tentacool
33%
73 tentacruel
33%
80 flagadoss
32%
105 ossatueur
32%
27 sabelette
32%
28 sablaireau
32%
90 kokiyas
30%
122 M.mime
30%
104 osselait
30%
108 excelangue
28%
98 krabby
28%
127 scarabrute
28%
99 krabboss
26%
Aucun quiz correspondant
Distribution des résultats
% des personnes avec chaque résultat
Percentile par nombre de réponses
Votre historique - résultats
Vous n’avez pas pris ce quiz